Вертикальная гидрогеохимическая зональность Северо-Варьеганского нефтегазоконденсатного месторождения; Проблемы геологии и освоения недр

Xehetasun bibliografikoak
Parent link:Проблемы геологии и освоения недр.— 2009.— С. 241-243
Egile nagusia: Костюкова Н. О.
Beste egile batzuk: Назаров А. Д. (научный руководитель)
Hizkuntza:errusiera
Argitaratua: 2009
Gaiak:
Formatua: MixedMaterials Liburu kapitulua
KOHA link:https://koha.lib.tpu.ru/cgi-bin/koha/opac-detail.pl?biblionumber=180881

MARC

LEADER 00000naa2a2200000 4500
001 180881
005 20231031170915.0
035 |a (RuTPU)RU\TPU\book\196089 
090 |a 180881 
100 |a 20100527d2009 k y0rusy50 ca 
101 0 |a rus 
102 |a RU 
200 1 |a Вертикальная гидрогеохимическая зональность Северо-Варьеганского нефтегазоконденсатного месторождения  |f Н. О. Костюкова  |g науч. рук. А. Д. Назаров 
320 |a Библиогр.: 3 назв. 
463 0 |0 (RuTPU)RU\TPU\book\186895  |y 978-5-98298-569-9  |t Проблемы геологии и освоения недр  |o труды XIII Международного симпозиума имени академика М. А. Усова студентов и молодых ученых, посвященного 110-летию со дня рождения К. В. Радугина  |f Томский политехнический университет (ТПУ), Институт геологии и нефтегазового дела (ИГНД)  |v С. 241-243  |d 2009  |p 993 с. 
610 1 |a гидрогеохимия 
610 1 |a зональность 
610 1 |a нефтегазоконденсатные месторождения 
610 1 |a Северо-Варьеганское месторождение 
610 1 |a минерализация 
610 1 |a труды учёных ТПУ 
700 1 |a Костюкова  |b Н. О. 
702 1 |a Назаров  |b А. Д.  |4 727 
801 1 |a RU  |b 63413507  |c 20100527 
942 |c BK